[Event "Deutsche Ländermeisterschaft 2014"]
[Site "Hannover GER"]
[Date "2014.10.05"]
[Round "5"]
[White "Roseneck, Jonas"]
[Black "Poetsch, Leonore"]
[Result "0-1"]
[Termination "normal"]
[Board "4.6"]
[WhiteElo "1765"]
[BlackElo "1541"]
[WhiteClock "00:19:18"]
[BlackClock "00:31:15"]
[WhiteTeam "Sachsen-Anhalt"]
[BlackTeam "Hessen 1"]
[PlyCount "104"]
[WhiteFideId "12939870"]
[BlackFideId "12940372"]
[EventCountry "GER"]
[EventRounds "7"]
[EventType "team-swiss"]
[EventDate "2014.10.02"]

1. e4 {[%clk 1:30:52]} e6 {[%clk 1:30:53]} 2. d4 {[%clk 1:30:18]} d5 {[%clk
1:31:17]} 3. Nc3 {[%clk 1:30:11]} Nf6 {[%clk 1:31:37]} 4. e5 {[%clk 1:29:58]}
Nfd7 {[%clk 1:31:58]} 5. f4 {[%clk 1:29:31]} c5 {[%clk 1:32:18]} 6. Nf3 {[%clk
1:29:10]} Nc6 {[%clk 1:32:31]} 7. Be3 {[%clk 1:28:47]} Be7 {[%clk 1:32:53]} 8.
Qd2 {[%clk 1:28:08]} O-O {[%clk 1:33:01]} 9. dxc5 {[%clk 1:27:45]} Bxc5 {[%clk
1:33:23]} 10. Bxc5 {[%clk 1:25:48]} Nxc5 {[%clk 1:33:48]} 11. O-O-O {[%clk
1:26:02]} a6 {[%clk 1:32:47]} 12. Nd4 {[%clk 1:23:00]} Nxd4 {[%clk 1:31:28]}
13. Qxd4 {[%clk 1:23:21]} Qc7 {[%clk 1:30:42]} 14. h4 {[%clk 1:22:45]} b5
{[%clk 1:28:10]} 15. Rh3 {[%clk 1:16:39]} Rb8 {[%clk 1:27:33]} 16. Kb1 {[%clk
1:15:20]} b4 {[%clk 1:26:26]} 17. Ne2 {[%clk 1:14:47]} a5 {[%clk 1:25:00]} 18.
Nc1 {[%clk 1:13:56]} Bd7 {[%clk 1:20:01]} 19. Bd3 {[%clk 1:02:34]} Bb5 {[%clk
1:18:21]} 20. Bxb5 {[%clk 0:50:17]} Rxb5 {[%clk 1:18:47]} 21. Ne2 {[%clk
0:50:15]} Rc8 {[%clk 1:15:36]} 22. Qe3 {[%clk 0:44:05]} a4 {[%clk 1:12:51]} 23.
Nd4 {[%clk 0:43:02]} Rb7 {[%clk 1:12:54]} 24. Rhh1 {[%clk 0:41:22]} Ne4 {[%clk
1:12:20]} 25. g4 {[%clk 0:39:20]} Qb6 {[%clk 1:09:58]} 26. Ka1 {[%clk 0:32:32]}
Ra8 {[%clk 1:08:52]} 27. Rb1 {[%clk 0:27:22]} b3 {[%clk 0:54:47]} 28. a3 {[%clk
0:23:21]} bxc2 {[%clk 0:52:26]} 29. Nxc2 {[%clk 0:23:39]} Qxe3 {[%clk 0:52:14]}
30. Nxe3 {[%clk 0:24:07]} Rb3 {[%clk 0:48:32]} 31. Rhe1 {[%clk 0:19:41]} Rab8
{[%clk 0:46:38]} 32. Ka2 {[%clk 0:17:18]} Nd2 {[%clk 0:46:25]} 33. Rbc1 {[%clk
0:16:29]} Rxb2+ {[%clk 0:45:03]} 34. Ka1 {[%clk 0:16:54]} R2b3 {[%clk 0:43:59]}
35. Ka2 {[%clk 0:16:28]} Ne4 {[%clk 0:40:35]} 36. Nd1 {[%clk 0:16:25]} Rf3
{[%clk 0:37:53]} 37. f5 {[%clk 0:15:46]} exf5 {[%clk 0:37:40]} 38. gxf5 {[%clk
0:16:06]} Rxf5 {[%clk 0:36:45]} 39. Ne3 {[%clk 0:16:29]} Rf2+ {[%clk 0:35:28]}
40. Ka1 {[%clk 0:16:55]} Nd2 {[%clk 0:34:34]} 41. Rc3 {[%clk 0:16:53]} Nb3+
{[%clk 0:33:50]} 42. Kb1 {[%clk 0:17:22]} d4 {[%clk 0:33:57]} 43. Nd1 {[%clk
0:17:12]} dxc3 {[%clk 0:32:28]} 44. Nxf2 {[%clk 0:16:42]} Nd4+ {[%clk 0:30:41]}
45. Kc1 {[%clk 0:16:55]} c2 {[%clk 0:30:31]} 46. Nd3 {[%clk 0:16:55]} Rb1+
{[%clk 0:30:47]} 47. Kd2 {[%clk 0:17:22]} Nf3+ {[%clk 0:30:39]} 48. Kxc2 {[%clk
0:17:48]} Nxe1+ {[%clk 0:30:35]} 49. Kxb1 {[%clk 0:18:08]} Nxd3 {[%clk
0:30:57]} 50. Kc2 {[%clk 0:18:33]} Nxe5 {[%clk 0:31:08]} 51. Kc3 {[%clk
0:18:58]} f5 {[%clk 0:31:22]} 52. Kd4 {[%clk 0:19:18]} Nf3+ {[%clk 0:31:15]}
0-1

[Event "Deutsche Ländermeisterschaft 2014"]
[Site "Hannover GER"]
[Date "2014.10.05"]
[Round "5"]
[White "Stork, Oliver"]
[Black "Cejda, Cecilia"]
[Result "1/2-1/2"]
[Termination "normal"]
[Board "4.7"]
[WhiteElo "1752"]
[BlackElo "1662"]
[WhiteClock "00:13:46"]
[BlackClock "00:04:25"]
[WhiteTeam "Hessen 1"]
[BlackTeam "Sachsen-Anhalt"]
[PlyCount "127"]
[WhiteFideId "12955728"]
[BlackFideId "12921122"]
[EventCountry "GER"]
[EventRounds "7"]
[EventType "team-swiss"]
[EventDate "2014.10.02"]

1. c4 {[%clk 1:30:58]} e5 {[%clk 1:30:48]} 2. g3 {[%clk 1:31:18]} Nf6 {[%clk
1:30:47]} 3. Bg2 {[%clk 1:31:42]} Bc5 {[%clk 1:31:01]} 4. Nc3 {[%clk 1:31:57]}
O-O {[%clk 1:31:13]} 5. e4 {[%clk 1:31:30]} Nc6 {[%clk 1:31:10]} 6. Nge2 {[%clk
1:31:36]} d6 {[%clk 1:29:23]} 7. O-O {[%clk 1:31:01]} Bg4 {[%clk 1:26:24]} 8.
h3 {[%clk 1:29:59]} Be6 {[%clk 1:26:26]} 9. d3 {[%clk 1:29:56]} Nd7 {[%clk
1:15:33]} 10. Kh2 {[%clk 1:13:21]} f5 {[%clk 1:05:59]} 11. exf5 {[%clk
1:03:26]} Bxf5 {[%clk 1:05:11]} 12. g4 {[%clk 1:03:02]} Bg6 {[%clk 1:03:32]}
13. f4 {[%clk 1:02:23]} exf4 {[%clk 0:59:46]} 14. Nxf4 {[%clk 0:51:30]} Bf7
{[%clk 0:52:35]} 15. Bd5 {[%clk 0:36:50]} Bxd5 {[%clk 0:19:19]} 16. Ncxd5
{[%clk 0:35:16]} Re8 {[%clk 0:17:53]} 17. Bd2 {[%clk 0:31:56]} Nd4 {[%clk
0:14:59]} 18. b4 {[%clk 0:24:33]} Bb6 {[%clk 0:13:46]} 19. Bc3 {[%clk 0:20:03]}
Nc6 {[%clk 0:09:17]} 20. d4 {[%clk 0:17:39]} a6 {[%clk 0:08:56]} 21. Qd3 {[%clk
0:09:13]} Nf8 {[%clk 0:06:55]} 22. c5 {[%clk 0:05:36]} dxc5 {[%clk 0:06:14]}
23. dxc5 {[%clk 0:05:43]} Ba7 {[%clk 0:06:29]} 24. Qc4 {[%clk 0:05:19]} Kh8
{[%clk 0:05:53]} 25. Rad1 {[%clk 0:02:55]} Qc8 {[%clk 0:04:22]} 26. Nh5 {[%clk
0:02:45]} Ne5 {[%clk 0:03:08]} 27. Qf4 {[%clk 0:01:58]} Nfg6 {[%clk 0:02:43]}
28. Qf5 {[%clk 0:01:50]} c6 {[%clk 0:01:51]} 29. Bxe5 {[%clk 0:01:26]} Rxe5
{[%clk 0:01:43]} 30. Qf7 {[%clk 0:01:28]} Qg8 {[%clk 0:01:35]} 31. Nc7 Rc8
{[%clk 0:01:21]} 32. Rd7 {[%clk 0:01:30]} Rxc7 {[%clk 0:00:50]} 33. Rxc7 {[%clk
0:01:21]} Bb8 {[%clk 0:01:17]} 34. Kg2 {[%clk 0:00:45]} Bxc7 {[%clk 0:01:20]}
35. Qxc7 {[%clk 0:01:05]} Re7 {[%clk 0:01:28]} 36. Qg3 {[%clk 0:00:58]} Qxa2+
{[%clk 0:01:09]} 37. Rf2 {[%clk 0:01:11]} Qd5+ {[%clk 0:01:14]} 38. Kh2 {[%clk
0:01:30]} Qe5 {[%clk 0:01:26]} 39. Qxe5 {[%clk 0:01:21]} Rxe5 40. Rf7 {[%clk
0:01:29]} Re7 {[%clk 0:01:58]} 41. Rxe7 {[%clk 0:29:43]} Nxe7 {[%clk 0:32:23]}
42. Nf4 {[%clk 0:29:59]} Nd5 {[%clk 0:28:26]} 43. Nd3 {[%clk 0:23:38]} Kg8
{[%clk 0:25:21]} 44. Kg3 {[%clk 0:23:48]} Kf7 {[%clk 0:24:58]} 45. Kf3 {[%clk
0:24:08]} Ke6 {[%clk 0:24:07]} 46. Ke4 {[%clk 0:23:54]} Nc3+ {[%clk 0:20:42]}
47. Kd4 {[%clk 0:23:34]} Nd5 {[%clk 0:19:18]} 48. Ke4 {[%clk 0:23:47]} Kf6
{[%clk 0:19:28]} 49. Kf3 {[%clk 0:21:34]} Nc7 {[%clk 0:15:44]} 50. Kf4 {[%clk
0:21:09]} Ne6+ {[%clk 0:15:37]} 51. Ke3 {[%clk 0:19:54]} Ng5 {[%clk 0:14:06]}
52. Nf2 {[%clk 0:15:44]} Ke5 {[%clk 0:13:13]} 53. h4 {[%clk 0:15:57]} Ne6
{[%clk 0:12:53]} 54. Ne4 {[%clk 0:15:51]} Nd4 {[%clk 0:07:59]} 55. Kd3 {[%clk
0:14:32]} Nb5 {[%clk 0:07:35]} 56. Ke3 {[%clk 0:14:34]} Nc7 {[%clk 0:06:12]}
57. Nd6 {[%clk 0:13:28]} Nd5+ {[%clk 0:06:28]} 58. Kf3 {[%clk 0:13:49]} b6
{[%clk 0:05:33]} 59. Nc4+ {[%clk 0:13:56]} Ke6 {[%clk 0:04:05]} 60. cxb6 {[%clk
0:13:29]} Kd7 {[%clk 0:04:23]} 61. Ne5+ {[%clk 0:13:09]} Kd6 {[%clk 0:04:19]}
62. Nc4+ {[%clk 0:13:20]} Kd7 {[%clk 0:04:25]} 63. Ne5+ {[%clk 0:13:46]} Kc8
64. Nc4 1/2-1/2

[Event "Deutsche Ländermeisterschaft 2014"]
[Site "Hannover GER"]
[Date "2014.10.05"]
[Round "5"]
[White "Delgado, Celina"]
[Black "Flach, Helene"]
[Result "0-1"]
[Termination "normal"]
[Board "4.8"]
[WhiteElo "1168"]
[BlackElo "1649"]
[WhiteClock "01:11:32"]
[BlackClock "00:30:25"]
[WhiteTeam "Sachsen-Anhalt"]
[BlackTeam "Hessen 1"]
[PlyCount "100"]
[WhiteFideId "12993735"]
[BlackFideId "12929735"]
[EventCountry "GER"]
[EventRounds "7"]
[EventType "team-swiss"]
[EventDate "2014.10.02"]

1. e4 {[%clk 1:30:58]} c5 {[%clk 1:30:56]} 2. Nf3 {[%clk 1:31:16]} e6 {[%clk
1:31:21]} 3. d4 {[%clk 1:31:35]} cxd4 {[%clk 1:31:46]} 4. Nxd4 {[%clk 1:31:53]}
a6 {[%clk 1:32:11]} 5. Nc3 {[%clk 1:32:13]} Qc7 {[%clk 1:32:34]} 6. Be3 {[%clk
1:31:53]} Nf6 {[%clk 1:32:56]} 7. Be2 {[%clk 1:31:02]} b5 {[%clk 1:32:51]} 8.
Bf3 {[%clk 1:30:08]} Bb7 {[%clk 1:30:50]} 9. e5 {[%clk 1:22:10]} Ng8 {[%clk
1:27:59]} 10. Bxb7 {[%clk 1:21:58]} Qxb7 {[%clk 1:28:16]} 11. Qf3 {[%clk
1:22:00]} Qxf3 {[%clk 1:26:26]} 12. Nxf3 {[%clk 1:22:17]} Bb4 {[%clk 1:25:56]}
13. O-O {[%clk 1:21:53]} Bxc3 {[%clk 1:25:15]} 14. bxc3 {[%clk 1:22:03]} Nc6
{[%clk 1:25:21]} 15. Rab1 {[%clk 1:18:42]} Nge7 {[%clk 1:24:16]} 16. Bc5 {[%clk
1:18:29]} Rc8 {[%clk 1:15:33]} 17. Rfe1 {[%clk 1:16:04]} Nd5 {[%clk 1:15:00]}
18. Rb3 {[%clk 1:14:50]} Nxe5 {[%clk 1:14:53]} 19. Nxe5 {[%clk 1:14:05]} Rxc5
{[%clk 1:15:14]} 20. Ra3 {[%clk 1:12:43]} Nc7 {[%clk 1:12:18]} 21. f4 {[%clk
1:10:36]} Rd5 {[%clk 1:11:31]} 22. Re3 {[%clk 1:09:16]} f6 {[%clk 1:04:56]} 23.
Nd3 {[%clk 1:09:02]} O-O {[%clk 1:04:26]} 24. Nb4 {[%clk 1:08:00]} Rd2 {[%clk
1:00:30]} 25. Rd3 {[%clk 1:01:13]} Rxd3 {[%clk 1:00:22]} 26. cxd3 {[%clk
1:01:16]} Rc8 {[%clk 0:59:32]} 27. Kf2 {[%clk 1:00:56]} Kf7 {[%clk 0:57:34]}
28. Ke3 {[%clk 1:00:57]} Ke7 {[%clk 0:52:25]} 29. Ke4 {[%clk 1:00:06]} Ra8
{[%clk 0:50:02]} 30. Nc2 {[%clk 0:58:17]} Nd5 {[%clk 0:48:12]} 31. g3 {[%clk
0:57:47]} Rc8 {[%clk 0:45:27]} 32. Kd4 {[%clk 0:57:09]} a5 {[%clk 0:38:43]} 33.
c4 {[%clk 0:55:50]} a4 {[%clk 0:32:17]} 34. Ne1 {[%clk 0:52:29]} Nc7 {[%clk
0:25:37]} 35. Nf3 {[%clk 0:51:13]} d5 {[%clk 0:23:00]} 36. Kc5 {[%clk 0:47:07]}
bxc4 {[%clk 0:16:23]} 37. dxc4 {[%clk 0:46:44]} dxc4 {[%clk 0:11:50]} 38. Kxc4
{[%clk 0:46:45]} Nd5+ {[%clk 0:10:51]} 39. Kb5 {[%clk 0:46:10]} Nc3+ {[%clk
0:09:51]} 40. Kb4 {[%clk 0:45:37]} Nd5+ {[%clk 0:06:23]} 41. Kxa4 {[%clk
0:41:59]} Rb8 {[%clk 0:05:54]} 42. Rd3 {[%clk 0:41:53]} Ra8+ {[%clk 0:00:32]}
43. Kb3 {[%clk 0:41:50]} Rb8+ {[%clk 0:00:53]} 44. Ka4 {[%clk 0:41:25]} Nb6+
{[%clk 0:29:00]} 45. Ka3 {[%clk 1:11:38]} Nc4+ {[%clk 0:29:19]} 46. Ka4 {[%clk
1:11:30]} Nb2+ {[%clk 0:29:44]} 47. Ka3 {[%clk 1:11:29]} Nxd3 {[%clk 0:30:08]}
48. Nd4 {[%clk 1:11:25]} Ra8+ {[%clk 0:30:03]} 49. Kb3 {[%clk 1:11:40]} Nc1+
{[%clk 0:30:13]} 50. Kb2 {[%clk 1:11:32]} Nxa2 {[%clk 0:30:25]} 0-1

[Event "Deutsche Ländermeisterschaft 2014"]
[Site "Hannover GER"]
[Date "2014.10.05"]
[Round "5"]
[White "Zimmermann, Ulrich"]
[Black "Baskin, Robert"]
[Result "1-0"]
[Termination "normal"]
[Board "5.1"]
[WhiteElo "2353"]
[BlackElo "2170"]
[WhiteClock "00:48:50"]
[BlackClock "00:37:17"]
[WhiteTeam "Württemberg"]
[BlackTeam "Hessen 2"]
[PlyCount "57"]
[WhiteFideId "24654523"]
[BlackFideId "24662402"]
[EventCountry "GER"]
[EventRounds "7"]
[EventType "team-swiss"]
[EventDate "2014.10.02"]

1. g3 {[%clk 1:30:58]} e5 {[%clk 1:30:42]} 2. Bg2 {[%clk 1:31:21]} Nf6 {[%clk
1:30:21]} 3. c3 {[%clk 1:31:03]} d5 {[%clk 1:29:26]} 4. d4 {[%clk 1:30:10]} e4
{[%clk 1:28:23]} 5. Bg5 {[%clk 1:29:47]} c6 {[%clk 1:21:34]} 6. f3 {[%clk
1:21:23]} exf3 {[%clk 1:21:22]} 7. Nxf3 {[%clk 1:21:28]} Be7 {[%clk 1:21:03]}
8. Bxf6 {[%clk 1:19:20]} Bxf6 {[%clk 1:21:27]} 9. Nbd2 {[%clk 1:19:24]} O-O
{[%clk 1:18:50]} 10. e4 {[%clk 1:16:57]} dxe4 {[%clk 1:17:52]} 11. Nxe4 {[%clk
1:17:21]} Re8 {[%clk 1:18:08]} 12. Nfd2 {[%clk 1:17:46]} Bxd4 {[%clk 1:16:54]}
13. cxd4 {[%clk 1:17:55]} f5 {[%clk 1:17:15]} 14. O-O {[%clk 1:14:38]} fxe4
{[%clk 1:16:21]} 15. Nxe4 {[%clk 1:14:33]} b6 {[%clk 1:03:53]} 16. Rf4 {[%clk
1:05:59]} Be6 {[%clk 0:59:39]} 17. Qh5 {[%clk 1:05:11]} Kh8 {[%clk 0:45:10]}
18. Ng5 {[%clk 0:56:55]} h6 {[%clk 0:42:26]} 19. Nxe6 {[%clk 0:56:20]} Rxe6
{[%clk 0:42:29]} 20. Qf7 {[%clk 0:54:19]} Re8 {[%clk 0:38:30]} 21. Qb7 {[%clk
0:52:23]} Nd7 {[%clk 0:36:46]} 22. Bxc6 {[%clk 0:52:07]} Nf6 {[%clk 0:36:54]}
23. Qxa8 {[%clk 0:52:12]} Qxa8 {[%clk 0:37:20]} 24. Bxa8 {[%clk 0:52:36]} Rxa8
{[%clk 0:37:48]} 25. Rc1 {[%clk 0:51:30]} Re8 {[%clk 0:37:56]} 26. Rf2 {[%clk
0:50:25]} Re4 {[%clk 0:37:08]} 27. Rd2 {[%clk 0:50:24]} Nd5 {[%clk 0:37:09]}
28. Kf2 {[%clk 0:50:22]} Kh7 {[%clk 0:37:17]} 29. Re1 {[%clk 0:48:50]} 1-0

[Event "Deutsche Ländermeisterschaft 2014"]
[Site "Hannover GER"]
[Date "2014.10.05"]
[Round "5"]
[White "Grimm, Julius"]
[Black "Gibicar, Danijel"]
[Result "0-1"]
[Termination "normal"]
[Board "5.2"]
[WhiteElo "2026"]
[BlackElo "2164"]
[WhiteClock "00:01:23"]
[BlackClock "00:02:41"]
[WhiteTeam "Hessen 2"]
[BlackTeam "Württemberg"]
[PlyCount "78"]
[WhiteFideId "12916986"]
[BlackFideId "24660256"]
[EventCountry "GER"]
[EventRounds "7"]
[EventType "team-swiss"]
[EventDate "2014.10.02"]

1. d4 {[%clk 1:30:58]} Nf6 {[%clk 1:30:51]} 2. c4 {[%clk 1:31:20]} c5 {[%clk
1:31:06]} 3. d5 {[%clk 1:31:36]} b5 {[%clk 1:31:30]} 4. cxb5 {[%clk 1:31:45]}
a6 {[%clk 1:31:54]} 5. bxa6 {[%clk 1:32:02]} g6 {[%clk 1:32:16]} 6. Nc3 {[%clk
1:31:57]} Bxa6 {[%clk 1:31:35]} 7. e4 {[%clk 1:31:00]} Bxf1 {[%clk 1:32:09]} 8.
Kxf1 {[%clk 1:31:25]} d6 {[%clk 1:32:22]} 9. g3 {[%clk 1:31:17]} Bg7 {[%clk
1:32:40]} 10. Kg2 {[%clk 1:31:32]} O-O {[%clk 1:32:40]} 11. Nf3 {[%clk
1:31:41]} Nbd7 {[%clk 1:33:00]} 12. a4 {[%clk 1:31:14]} Ra6 {[%clk 1:33:03]}
13. Qc2 {[%clk 1:19:58]} Qa8 {[%clk 1:33:10]} 14. Ra3 {[%clk 1:12:23]} e6
{[%clk 1:03:00]} 15. Bf4 {[%clk 0:59:17]} exd5 {[%clk 0:42:50]} 16. exd5 {[%clk
0:59:33]} Nh5 {[%clk 0:42:24]} 17. Bg5 {[%clk 0:55:27]} Ne5 {[%clk 0:40:12]}
18. Nxe5 {[%clk 0:50:55]} Bxe5 {[%clk 0:40:31]} 19. Rd1 {[%clk 0:48:26]} Ng7
{[%clk 0:39:37]} 20. Nb5 {[%clk 0:36:42]} Ne6 {[%clk 0:26:37]} 21. Bh6 {[%clk
0:35:29]} Rc8 {[%clk 0:26:01]} 22. Rf3 {[%clk 0:28:56]} Nd4 {[%clk 0:21:04]}
23. Nxd4 {[%clk 0:29:10]} cxd4 {[%clk 0:21:25]} 24. Qe4 {[%clk 0:25:11]} Rxa4
{[%clk 0:19:19]} 25. b3 {[%clk 0:23:37]} Rb4 {[%clk 0:18:43]} 26. Qg4 {[%clk
0:22:12]} Rcb8 {[%clk 0:16:03]} 27. Rxf7 {[%clk 0:20:28]} Qxd5+ {[%clk
0:16:18]} 28. Rf3 {[%clk 0:20:51]} Rxb3 {[%clk 0:16:12]} 29. Rc1 {[%clk
0:19:33]} Qxf3+ {[%clk 0:07:26]} 30. Qxf3 {[%clk 0:19:31]} Rxf3 {[%clk
0:07:48]} 31. Kxf3 {[%clk 0:19:57]} Kf7 {[%clk 0:07:10]} 32. Ke2 {[%clk
0:08:44]} Rb7 {[%clk 0:04:45]} 33. h3 {[%clk 0:04:52]} Ke6 {[%clk 0:04:32]} 34.
Rc2 {[%clk 0:03:44]} Kd5 {[%clk 0:04:16]} 35. Bf8 {[%clk 0:01:59]} Rb3 {[%clk
0:02:59]} 36. Rd2 {[%clk 0:01:46]} Ke4 {[%clk 0:03:00]} 37. Bh6 {[%clk
0:01:02]} d3+ {[%clk 0:03:01]} 38. Kf1 {[%clk 0:01:14]} Kf3 {[%clk 0:02:57]}
39. Rd1 {[%clk 0:01:23]} Bd4 {[%clk 0:02:41]} 0-1

[Event "Deutsche Ländermeisterschaft 2014"]
[Site "Hannover GER"]
[Date "2014.10.05"]
[Round "5"]
[White "Höglauer, Patrick"]
[Black "Stabernack, Joschi"]
[Result "0-1"]
[Termination "normal"]
[Board "5.3"]
[WhiteElo "2042"]
[BlackElo "2061"]
[WhiteClock "00:20:46"]
[BlackClock "00:12:12"]
[WhiteTeam "Württemberg"]
[BlackTeam "Hessen 2"]
[PlyCount "139"]
[WhiteFideId "1270548"]
[BlackFideId "12937258"]
[EventCountry "GER"]
[EventRounds "7"]
[EventType "team-swiss"]
[EventDate "2014.10.02"]

1. d4 {[%clk 1:30:56]} Nf6 {[%clk 1:30:50]} 2. Nf3 {[%clk 1:31:04]} g6 {[%clk
1:31:07]} 3. Nc3 {[%clk 1:31:26]} d5 {[%clk 1:30:48]} 4. Bf4 {[%clk 1:31:42]}
Bg7 {[%clk 1:30:58]} 5. e3 {[%clk 1:31:57]} O-O {[%clk 1:31:05]} 6. Be2 {[%clk
1:31:58]} a6 {[%clk 1:23:38]} 7. Ne5 {[%clk 1:30:06]} Nbd7 {[%clk 1:16:57]} 8.
g4 {[%clk 1:21:13]} e6 {[%clk 1:05:22]} 9. h4 {[%clk 1:17:51]} Nxe5 {[%clk
1:02:28]} 10. Bxe5 {[%clk 1:17:51]} Bd7 {[%clk 0:55:31]} 11. h5 {[%clk
1:13:25]} Ne4 {[%clk 0:47:13]} 12. Nxe4 {[%clk 1:09:00]} Bxe5 {[%clk 0:47:01]}
13. Nc5 {[%clk 1:08:30]} Bd6 {[%clk 0:43:54]} 14. Nxb7 {[%clk 1:08:47]} Qb8
{[%clk 0:44:06]} 15. Nxd6 {[%clk 1:08:26]} cxd6 {[%clk 0:41:04]} 16. b3 {[%clk
1:08:11]} Bb5 {[%clk 0:40:52]} 17. g5 {[%clk 1:07:27]} Qc7 {[%clk 0:36:56]} 18.
O-O {[%clk 1:00:19]} Qe7 {[%clk 0:29:35]} 19. f4 {[%clk 0:59:50]} Rfc8 {[%clk
0:27:50]} 20. c4 {[%clk 0:54:13]} dxc4 {[%clk 0:24:34]} 21. a4 {[%clk 0:54:32]}
Bc6 {[%clk 0:23:59]} 22. bxc4 {[%clk 0:54:08]} Be4 {[%clk 0:21:55]} 23. Bf3
{[%clk 0:51:36]} Qb7 {[%clk 0:19:50]} 24. hxg6 {[%clk 0:41:25]} hxg6 {[%clk
0:19:59]} 25. Bxe4 {[%clk 0:41:16]} Qxe4 {[%clk 0:20:24]} 26. Qe2 {[%clk
0:41:37]} Rab8 {[%clk 0:17:11]} 27. Ra3 {[%clk 0:34:31]} a5 {[%clk 0:11:38]}
28. Rc1 {[%clk 0:27:25]} Rb4 {[%clk 0:11:17]} 29. Kf2 {[%clk 0:26:15]} Kg7
{[%clk 0:09:32]} 30. c5 {[%clk 0:23:59]} dxc5 {[%clk 0:04:43]} 31. Qf3 {[%clk
0:23:09]} Qxf3+ {[%clk 0:02:46]} 32. Kxf3 {[%clk 0:23:37]} c4 {[%clk 0:03:08]}
33. Ke4 {[%clk 0:21:55]} Kf8 {[%clk 0:00:53]} 34. Ke5 {[%clk 0:21:19]} Ke7
{[%clk 0:01:19]} 35. e4 {[%clk 0:21:31]} Rc7 {[%clk 0:00:47]} 36. d5 {[%clk
0:21:26]} exd5 {[%clk 0:00:45]} 37. exd5 {[%clk 0:21:45]} Rc5 {[%clk 0:00:41]}
38. Rcc3 {[%clk 0:21:07]} Rb6 {[%clk 0:00:33]} 39. Re3 {[%clk 0:18:00]} Kd7
{[%clk 0:00:51]} 40. Kd4 {[%clk 0:17:58]} Kd6 {[%clk 0:01:09]} 41. Re8 {[%clk
0:30:28]} Rxd5+ {[%clk 0:30:36]} 42. Ke4 {[%clk 0:30:37]} Rc5 {[%clk 0:26:34]}
43. Kd4 {[%clk 0:28:40]} Rf5 {[%clk 0:25:06]} 44. Ke4 {[%clk 0:24:44]} Kc5
{[%clk 0:24:08]} 45. Ra1 {[%clk 0:24:10]} Rb3 {[%clk 0:21:12]} 46. Re5+ {[%clk
0:19:02]} Rxe5+ {[%clk 0:20:05]} 47. fxe5 {[%clk 0:19:06]} Rg3 {[%clk 0:19:29]}
48. Rf1 {[%clk 0:19:06]} Rg4+ {[%clk 0:19:38]} 49. Ke3 {[%clk 0:19:23]} Rxg5
{[%clk 0:20:00]} 50. Rxf7 {[%clk 0:19:40]} Rxe5+ {[%clk 0:20:24]} 51. Kd2
{[%clk 0:20:04]} Kd4 {[%clk 0:19:51]} 52. Rd7+ {[%clk 0:20:17]} Rd5 {[%clk
0:20:09]} 53. Rg7 {[%clk 0:20:04]} g5 {[%clk 0:20:29]} 54. Kc2 {[%clk 0:20:30]}
c3 {[%clk 0:20:12]} 55. Rg6 {[%clk 0:20:45]} Kc4 {[%clk 0:20:16]} 56. Rc6+
{[%clk 0:21:00]} Rc5 {[%clk 0:20:41]} 57. Re6 {[%clk 0:21:13]} Kd4 {[%clk
0:17:38]} 58. Re7 {[%clk 0:21:22]} Kc4 {[%clk 0:14:36]} 59. Re6 {[%clk
0:20:45]} Kb4 {[%clk 0:14:22]} 60. Re4+ {[%clk 0:21:07]} Rc4 {[%clk 0:14:42]}
61. Re5 {[%clk 0:18:27]} g4 {[%clk 0:14:14]} 62. Rb5+ {[%clk 0:18:50]} Kxa4
{[%clk 0:14:35]} 63. Rb1 {[%clk 0:19:16]} g3 {[%clk 0:12:22]} 64. Rg1 {[%clk
0:19:39]} Rg4 {[%clk 0:12:47]} 65. Kxc3 {[%clk 0:19:58]} Kb5 {[%clk 0:13:10]}
66. Rg2 {[%clk 0:20:13]} Kc5 {[%clk 0:12:45]} 67. Kd3 {[%clk 0:20:27]} Kd5
{[%clk 0:12:51]} 68. Ke3 {[%clk 0:20:48]} Kc4 {[%clk 0:12:28]} 69. Kf3 {[%clk
0:20:46]} Rg6 {[%clk 0:12:12]} 70. Ke3 0-1

[Event "Deutsche Ländermeisterschaft 2014"]
[Site "Hannover GER"]
[Date "2014.10.05"]
[Round "5"]
[White "Spitzl, Vinzent"]
[Black "Schmidt, Tobias"]
[Result "0-1"]
[Termination "normal"]
[Board "5.4"]
[WhiteElo "1964"]
[BlackElo "2050"]
[WhiteClock "00:02:45"]
[BlackClock "00:18:53"]
[WhiteTeam "Hessen 2"]
[BlackTeam "Württemberg"]
[PlyCount "76"]
[WhiteFideId "12901253"]
[BlackFideId "1271683"]
[EventCountry "GER"]
[EventRounds "7"]
[EventType "team-swiss"]
[EventDate "2014.10.02"]

1. e4 {[%clk 1:30:57]} e6 {[%clk 1:30:57]} 2. d4 {[%clk 1:31:22]} d5 {[%clk
1:31:25]} 3. e5 {[%clk 1:31:35]} c5 {[%clk 1:31:51]} 4. c3 {[%clk 1:32:01]} Qb6
{[%clk 1:32:19]} 5. Nf3 {[%clk 1:32:09]} Nc6 {[%clk 1:32:44]} 6. a3 {[%clk
1:32:21]} Nh6 {[%clk 1:33:10]} 7. b4 {[%clk 1:32:20]} cxd4 {[%clk 1:33:37]} 8.
cxd4 {[%clk 1:32:38]} Nf5 {[%clk 1:34:02]} 9. Bb2 {[%clk 1:32:08]} Bd7 {[%clk
1:34:26]} 10. Be2 {[%clk 1:31:24]} Be7 {[%clk 1:34:16]} 11. O-O {[%clk
1:30:54]} Rc8 {[%clk 1:30:08]} 12. Re1 {[%clk 1:23:16]} a6 {[%clk 1:22:27]} 13.
Ra2 {[%clk 1:03:30]} O-O {[%clk 1:05:16]} 14. Qd3 {[%clk 1:02:50]} f6 {[%clk
1:03:10]} 15. Nbd2 {[%clk 0:59:42]} fxe5 {[%clk 1:03:22]} 16. dxe5 {[%clk
0:59:30]} Be8 {[%clk 1:02:55]} 17. Nf1 {[%clk 0:55:35]} Bg6 {[%clk 1:03:09]}
18. Qd1 {[%clk 0:53:46]} Rcd8 {[%clk 0:58:15]} 19. Ng3 {[%clk 0:41:36]} Nh4
{[%clk 0:48:46]} 20. Rf1 {[%clk 0:38:51]} Nxf3+ {[%clk 0:47:32]} 21. Bxf3
{[%clk 0:39:13]} d4 {[%clk 0:46:45]} 22. Re1 {[%clk 0:25:53]} a5 {[%clk
0:43:24]} 23. Ra1 {[%clk 0:18:18]} axb4 {[%clk 0:43:02]} 24. Be4 {[%clk
0:14:57]} d3 {[%clk 0:35:44]} 25. Bxg6 {[%clk 0:13:20]} Qxf2+ {[%clk 0:36:01]}
26. Kh1 {[%clk 0:13:46]} hxg6 {[%clk 0:36:20]} 27. Qb3 {[%clk 0:11:52]} Rd5
{[%clk 0:35:42]} 28. axb4 {[%clk 0:10:12]} Bxb4 {[%clk 0:31:51]} 29. Rf1 {[%clk
0:08:56]} Qc2 {[%clk 0:30:00]} 30. Qxc2 {[%clk 0:08:15]} dxc2 {[%clk 0:30:09]}
31. Rfc1 {[%clk 0:08:06]} Rd2 {[%clk 0:25:08]} 32. Ne4 {[%clk 0:07:40]} Re2
{[%clk 0:25:04]} 33. Ng3 {[%clk 0:07:28]} Ref2 {[%clk 0:25:18]} 34. h3 {[%clk
0:06:06]} Na5 {[%clk 0:23:22]} 35. Ra4 {[%clk 0:05:06]} Nb3 {[%clk 0:22:20]}
36. Rg1 {[%clk 0:04:11]} Bc5 {[%clk 0:21:29]} 37. Rc4 {[%clk 0:03:22]} Rd2
{[%clk 0:20:44]} 38. Ne4 {[%clk 0:02:45]} Bxg1 {[%clk 0:18:53]} 0-1